[Event "BCF-chT3E 2224 (4NCL)"]
[Site "England"]
[Date "2024.03.16"]
[Round "7.32"]
[White "McDougall, William M"]
[Black "Thompson, Ian D"]
[Result "1/2-1/2"]
[WhiteElo "2083"]
[BlackElo "2145"]
[PlyCount "48"]
[EventDate "2023.11.11"]
[EventType "team-tourn"]
[EventRounds "11"]
[EventCountry "ENG"]
[SourceTitle "EXT 2025"]
[Source "ChessBase"]
[SourceDate "2024.10.14"]
[SourceVersion "1"]
[SourceVersionDate "2024.10.14"]
[SourceQuality "1"]
[WhiteTeam "Wessex"]
[BlackTeam "Crowthorne A"]
[WhiteTeamCountry "ENG"]
[BlackTeamCountry "ENG"]

1. d4 d5 2. c4 c6 3. Nf3 Nf6 4. g3 Bf5 5. Bg2 e6 6. 0-0 Nbd7 7. cxd5 exd5 8. Nc3 h6 9. Qb3 Qb6 10. Bf4 Qxb3 11. axb3 Be7 12. Rfc1 0-0 13. Ne5 Rfe8 14. h3 Nxe5 15. Bxe5 Nd7 16. Bf4 Bf6 17. g4 Bh7 18. e3 g5 19. Bg3 Be7 20. Bf3 Nf6 21. Kg2 a6 22. Na4 Nd7 23. Nc3 Nf6 24. Na4 Nd7 1/2-1/2

[Event "GBR-ch 105th"]
[Site "Hull"]
[Date "2018.08.04"]
[Round "8"]
[White "McDougall, William M"]
[Black "Bradbury, Neil H"]
[Result "0-1"]
[WhiteElo "2056"]
[BlackElo "2348"]
[PlyCount "36"]
[EventDate "2018.07.28"]
[EventType "swiss"]
[EventRounds "9"]
[EventCountry "ENG"]
[SourceTitle "CBM 185 Extra"]
[Source "ChessBase"]
[SourceDate "2018.07.29"]
[SourceVersion "1"]
[SourceVersionDate "2018.07.29"]
[SourceQuality "1"]

1. d4 Nf6 2. c4 e6 3. Nf3 b6 4. g3 Ba6 5. Qc2 Bb4+ 6. Bd2 Be7 7. Bg2 d5 8. Ne5 0-0 9. 0-0 c5 10. dxc5 bxc5 11. cxd5 Nxd5 12. Nc3 Bf6 13. Ng4 Bxc3 14. Bxc3 Nc6 15. Rfd1 Qg5 16. h3 Rac8 17. e3 Rfd8 18. a3 h5 0-1

[Event "GBR-ch 105th"]
[Site "Hull"]
[Date "2018.07.28"]
[Round "1"]
[White "McDougall, William M"]
[Black "Zakarian, David"]
[Result "0-1"]
[WhiteElo "2056"]
[BlackElo "2354"]
[PlyCount "90"]
[EventDate "2018.07.28"]
[EventType "swiss"]
[EventRounds "9"]
[EventCountry "ENG"]
[SourceTitle "CBM 185 Extra"]
[Source "ChessBase"]
[SourceDate "2018.07.29"]
[SourceVersion "1"]
[SourceVersionDate "2018.07.29"]
[SourceQuality "1"]

1. d4 Nf6 2. c4 e6 3. Nf3 Bb4+ 4. Nbd2 b6 5. a3 Bxd2+ 6. Nxd2 Bb7 7. e3 0-0 8. Bd3 d6 9. 0-0 e5 10. d5 a5 11. b3 Nbd7 12. Bb2 Qe7 13. Qe2 Rfe8 14. h3 Nf8 15. Bc2 c6 16. dxc6 Bxc6 17. Rad1 Qb7 18. f4 Rad8 19. c5 bxc5 20. Nc4 Bb5 21. fxe5 Bxc4 22. Qxc4 d5 23. Qh4 N6d7 24. e6 fxe6 25. Qg5 e5 26. Qf5 Re7 27. e4 d4 28. Bc1 Ne6 29. Bg5 Nxg5 30. Qxg5 Rde8 31. Rc1 h6 32. Qh5 Qa6 33. Rf3 c4 34. bxc4 Nc5 35. Rcf1 Qxc4 36. Bb1 a4 37. Kh2 d3 38. R1f2 Rd8 39. Ba2 Nb3 40. Rf6 Qxe4 41. Rb6 Qd4 42. Rxb3 axb3 43. Bxb3+ Kh8 44. Qf5 e4 45. Bf7 Qe5+ 0-1

[Event "BCF-chT3Sa 1718 (4NCL)"]
[Site "England"]
[Date "2018.01.13"]
[Round "3.44"]
[White "Myall, Ivan J"]
[Black "McDougall, William M"]
[Result "1/2-1/2"]
[WhiteElo "1991"]
[BlackElo "2046"]
[PlyCount "70"]
[EventDate "2017.11.11"]
[EventType "team-tourn"]
[EventRounds "11"]
[EventCountry "ENG"]
[SourceTitle "EXT 2020"]
[Source "ChessBase"]
[SourceDate "2019.10.17"]
[SourceVersion "1"]
[SourceVersionDate "2019.10.17"]
[SourceQuality "1"]
[WhiteTeam "Anglian Avengers II"]
[BlackTeam "Wessex"]
[WhiteTeamCountry "ENG"]
[BlackTeamCountry "ENG"]

1. e4 c5 2. c3 d5 3. exd5 Nf6 4. Bb5+ Nbd7 5. c4 a6 6. Bxd7+ Bxd7 7. Nc3 e6 8. Qb3 Bd6 9. Nf3 0-0 10. 0-0 Qc7 11. h3 exd5 12. Nxd5 Nxd5 13. cxd5 c4 14. Qc3 Rfe8 15. b3 Re4 16. Bb2 f6 17. Rfe1 Rae8 18. Rxe4 Rxe4 19. Re1 Rxe1+ 20. Nxe1 Bh2+ 21. Kh1 Be5 22. d4 cxd3 23. Qxc7 Bxc7 24. Nxd3 Bd6 25. Bd4 Kf7 26. Nc5 Bc8 27. Kg1 Ke7 28. Kf1 b6 29. Ne4 b5 30. Nc5 a5 31. Ke2 Bc7 32. Ne4 Bb7 33. Bc5+ Kd7 34. Bf8 Bxd5 35. f3 Bxe4 1/2-1/2

[Event "Hampstead op U2200 06"]
[Site "Hampstead"]
[Date "2013.06.30"]
[Round "5"]
[White "Perez Carballo, Manuel"]
[Black "McDougall, William M"]
[Result "0-1"]
[WhiteElo "2143"]
[BlackElo "2098"]
[PlyCount "134"]
[EventDate "2013.06.29"]
[EventType "swiss"]
[EventRounds "5"]
[EventCountry "ENG"]
[SourceTitle "EXT 2014"]
[Source "ChessBase"]
[SourceDate "2013.11.20"]
[SourceVersion "1"]
[SourceVersionDate "2013.11.20"]
[SourceQuality "1"]

1. Nc3 a6 2. d4 d6 3. e4 g6 4. Be2 Bg7 5. Be3 Nf6 6. g4 h5 7. gxh5 Nxh5 8. Qd2 c6 9. Bf3 Qc7 10. Nge2 b5 11. Ng3 Nxg3 12. hxg3 Rxh1+ 13. Bxh1 Bb7 14. f4 Nd7 15. Qh2 Nf8 16. 0-0-0 0-0-0 17. f5 Bf6 18. g4 Nd7 19. Qh7 c5 20. fxg6 fxg6 21. Qxg6 Rh8 22. Ne2 Qa5 23. g5 Bxd4 24. Nxd4 cxd4 25. Bxd4 Rh2 26. Qg8+ Kc7 27. Qb3 b4 28. Kb1 Qxg5 29. Qxb4 Qh5 30. Qe1 Nc5 31. Qf1 Nxe4 32. Bf3 Qf5 33. Qc4+ Kd7 34. Be2 Qf4 35. Ka1 e5 36. Rf1 Nf2 37. Bxf2 Rxf2 38. Rg1 Qxc4 39. Bxc4 Rxc2 40. Bd3 Rd2 41. Bf5+ Kc7 42. Kb1 Kb6 43. Kc1 Rh2 44. Rg6 Kc5 45. b4+ Kxb4 46. Rxd6 Kc3 47. Rd3+ Kc4 48. Rd7 Bf3 49. Rh7 Rf2 50. Rf7 Kd4 51. Bg4 e4 52. Bc8 a5 53. Rd7+ Kc3 54. Rc7+ Kb4 55. Rc2 Rxc2+ 56. Kxc2 Ka3 57. Kb1 e3 58. Ba6 Bd5 59. Be2 Bxa2+ 60. Ka1 Bd5 61. Kb1 Kb3 62. Bh5 Kc3 63. Bg4 Kd2 64. Bh5 Bc4 65. Kb2 Be2 66. Be8 Bf3 67. Bb5 Be4 0-1

[Event "Hampstead op U2200 06"]
[Site "Hampstead"]
[Date "2013.06.29"]
[Round "1"]
[White "Mitchell, Bob"]
[Black "McDougall, William M"]
[Result "0-1"]
[WhiteElo "1707"]
[BlackElo "2098"]
[PlyCount "80"]
[EventDate "2013.06.29"]
[EventType "swiss"]
[EventRounds "5"]
[EventCountry "ENG"]
[SourceTitle "EXT 2014"]
[Source "ChessBase"]
[SourceDate "2013.11.20"]
[SourceVersion "1"]
[SourceVersionDate "2013.11.20"]
[SourceQuality "1"]

1. d4 Nf6 2. Nf3 g6 3. c4 Bg7 4. Nc3 d5 5. Bg5 Ne4 6. h4 Nxg5 7. hxg5 dxc4 8. Qa4+ Nc6 9. e3 0-0 10. Bxc4 a6 11. Bd3 Bd7 12. Qc2 Nb4 13. Qe2 Nxd3+ 14. Qxd3 Rc8 15. 0-0 Bg4 16. Nh2 Be6 17. Rfd1 f6 18. d5 Bf7 19. gxf6 exf6 20. Nf3 f5 21. Rd2 Qe7 22. Re1 Rcd8 23. Qc2 Bxc3 24. Qxc3 Rxd5 25. Rxd5 Bxd5 26. Qe5 Qxe5 27. Nxe5 Bxa2 28. Rc1 c6 29. Nd7 Rf7 30. Rd1 Bd5 31. Nc5 a5 32. Rd4 Kg7 33. b4 axb4 34. Rxb4 b5 35. f3 Kf6 36. Kf2 Ra7 37. Kg3 Ke5 38. f4+ Kd6 39. Nd3 Ra2 40. Ne1 Re2 0-1